000 00530nam a22002057a 4500
005 20231208150228.0
008 231208b ||||| |||| 00| 0 eng d
020 _a0071133593
040 _cAL
041 _aeng
082 _223
_a574.52632
_bHORL
100 _aAlexander J Horne
_9144665
245 _aLimnology
250 _a2nd ed.
260 _aMcGraw Hill
_bNew York
_c1994
300 _axii,576p.
_bPB
_c24x17cm.
650 _2Life Sciences
_aBiology
_9144666
700 _aGoldman Charles R
_9144667
942 _2ddc
_cBK
999 _c229422
_d229422